| 000 | 00479nam a2200193Ia 4500 | ||
|---|---|---|---|
| 005 | 20140402151324.0 | ||
| 008 | 140130s9999 xx 000 0 und d | ||
| 020 | _a9780439021302 | ||
| 050 |
_aPZ 7 _b.D3597 2007 |
||
| 100 |
_aDeFelice, Cynthia _931375 |
||
| 245 |
_cCynthia DeFelice. _aThe missing manatee / |
||
| 260 |
_bScholastic, _c2007. _aUSA : |
||
| 300 |
_a181 p. : _c19 cm. |
||
| 440 | _v1 | ||
| 521 | _aG6 | ||
| 526 | _c830 | ||
| 942 |
_cBK _2lcc |
||
| 999 |
_c41203 _d41203 |
||